| 000 | 00482nam a22001457a 4500 | ||
|---|---|---|---|
| 020 | _a9780128016480 | ||
| 082 |
_a617.46 _bHIN |
||
| 245 |
_aHinman's Atlas of Urologic Surgery / _cEdited by Joseph A. Smith Jr., Stuart S. Howards, Glenn M. Preminger ; Roger R. Dmochowski |
||
| 250 | _a4th Edition. | ||
| 260 |
_aPhiladelphia : _bElsevier, _c2018. |
||
| 300 |
_a946 p. ; _bill, _c28 cm. |
||
| 563 | _aPBK. | ||
| 650 |
_aUrogenital System _vAtlases _xSurgery _9114309 |
||
| 942 |
_2ddc _cBK |
||
| 999 |
_c595672 _d595672 |
||